Every Premier League goalscorer for Everton - Statistics

General Stats
  • This quiz has been taken 10 times
  • The average score is 50 of 164
Answer Stats
Answer % Correct
Dominic Calvert-Lewin
78%
Michael Keane
78%
Moise Kean
78%
Séamus Coleman
78%
Wayne Rooney
78%
Dwight McNeil
67%
Gareth Barry
67%
James Tarkowski
67%
Leighton Baines
67%
Romelu Lukaku
67%
Theo Walcott
67%
Amadou Onana
56%
Andy Johnson
56%
Idrissa Gueye
56%
Jack Harrison
56%
56%
Kevin Campbell
56%
Lee Carsley
56%
Magaye Gueye
56%
Simon Davies
56%
Tim Cahill
56%
Tim Howard
56%
Tom Davies
56%
Abdoulaye Doucouré
44%
Anders Limpar
44%
Andrei Kanchelskis
44%
Anthony Gordon
44%
Bernard
44%
Beto
44%
Bryan Oviedo
44%
Conor Coady
44%
Daniel Amokachi
44%
Dave Watson
44%
David Weir
44%
Demarai Gray
44%
Duncan Ferguson
44%
Gary Speed
44%
James Rodríguez
44%
Jarrad Branthwaite
44%
John Stones
44%
Kevin Mirallas
44%
Leon Osman
44%
Louis Saha
44%
Marcus Bent
44%
Marouane Fellaini
44%
Paul Rideout
44%
Phil Neville
44%
Richarlison
44%
Ross Barkley
44%
Steve Watson
44%
Sylvain Distin
44%
Thomas Gravesen
44%
Vitalii Mykolenko
44%
Yerry Mina
44%
Aiden McGeady
33%
Alex Iwobi
33%
André Gomes
33%
Arouna Koné
33%
Brian McBride
33%
Cenk Tosun
33%
Darron Gibson
33%
Donny van de Beek
33%
Ellis Simms
33%
Gary Ablett
33%
Graham Stuart
33%
Gylfi Sigurðsson
33%
Jack Rodwell
33%
James Beattie
33%
James Garner
33%
James McFadden
33%
Joleon Lescott
33%
Joseph Yobo
33%
Kevin Kilbane
33%
Kurt Zouma
33%
Landon Donovan
33%
Mark Pembridge
33%
Mason Holgate
33%
Matt Jackson
33%
Michael Ball
33%
Mikel Arteta
33%
Morgan Schneiderlin
33%
Nick Barmby
33%
Niclas Alexandersson
33%
Nikica Jelavić
33%
Phil Jagielka
33%
Royston Drenthe
33%
Samuel Eto'o
33%
Steven Naismith
33%
Tomasz Radzinski
33%
Tom Cleverley
33%
Aaron Lennon
22%
Ademola Lookman
22%
Alessandro Pistone
22%
Andy Hinchcliffe
22%
Apostolos Vellios
22%
Ashley Williams
22%
Barry Horne
22%
Dan Gosling
22%
Danny Cadamarteri
22%
David Unsworth
22%
Gary Naysmith
22%
Gerard Deulofeu
22%
Ibrahima Bakayoko
22%
James Vaughan
22%
Jermaine Beckford
22%
John Collins
22%
John Heitinga
22%
John Oster
22%
Lewis Dobbin
22%
Lucas Digne
22%
Marco Materazzi
22%
Mark Hughes
22%
Mark Ward
22%
Neal Maupay
22%
Peter Beardsley
22%
Ramiro Funes Mori
22%
Richard Gough
22%
Salomón Rondón
22%
Scot Gemmill
22%
Stephen Hughes
22%
Tony Cottee
22%
Victor Anichebe
22%
Yakubu
22%
Alan Stubbs
11%
Alex Nyarko
11%
Andros Townsend
11%
Arnaut Danjuma
11%
Bill Kenny
11%
Craig Short
11%
Diniyar Bilyaletdinov
11%
Don Hutchison
11%
Gareth Farrelly
11%
Ian Snodin
11%
James McCarthy
11%
Joe-Max Moore
11%
Joe Parkinson
11%
John Ebbrell
11%
Manuel Fernandes
11%
Mo Johnston
11%
Olivier Dacourt
11%
Oumar Niasse
11%
Paul Gascoigne
11%
Peter Beagrie
11%
Steven Pienaar
11%
Stuart Barlow
11%
Tony Grant
11%
Vinny Samways
11%
Yannick Bolasie
11%
Brett Angell
0%
Carl Tiler
0%
Claus Thomsen
0%
Denis Stracqualursi
0%
Enner Valencia
0%
Francis Jeffers
0%
Idan Tal
0%
Jesper Blomqvist
0%
Kenny Sansom
0%
Marc Hottiger
0%
Matthew Pennington
0%
Mickaël Madar
0%
Nick Chadwick
0%
Paul Michael Branch
0%
Preki
0%
Robert Warzycha
0%
No matching quizzes found
Score Distribution
Percent of People with Each Score
Percentile by Number Answered
Your Score History
You have not taken this quiz